Word Ladder: Fall 2011 TV Quiz Stats

 Plays Quiz Updated Nov 6, 2017

Challenge
Share
Tweet
Embed
Score 0/28 Timer 04:00
0 Plays Today
Clue 4-Letter Word % Correct
'Hawaii ____-O'•FIVE•
95.4%
'The Big ____ Theory'•BANG•
94.8%
InjuryHURT
92.6%
How some episodes of The X-Factor are broadcast•LIVE•
92.6%
Facebook affirmationLIKE
91.8%
___ E. CoyoteWILE
91.6%
'The Good ____'•WIFE•
91.2%
'____ of Dixie'•HART•
90.3%
'Shark ____'•TANK•
89%
'Glee' character Hummel
OR Author Vonnegut
•KURT•
88.7%
Deputy Barney of MayberryFIFE
87.9%
'Dancing with the Stars' contestant Ricki•LAKE•
87.3%
'The Amazing ____'•RACE•
86.8%
Peter Pan's friend, for shortTINK
85.5%
Clue 4-Letter Word % Correct
Big Bopper song 'Chantilly ____'LACE
85.2%
What you might yell on 'The Weakest Link'BANK
84.9%
'Listen!'HARK
84.1%
'Glee' character Hummel
OR Actor Reynolds or Lancaster
•BURT•
82.8%
Cunning, craftyWILY
82.2%
Harmon of 'NCIS'•MARK•
82.1%
A checked swing hit in baseballBUNT
80.3%
Keg stopperBUNG
79.3%
Alyson Hannigan on 'How I Met Your Mother'•LILY•
74.7%
Coloration, like yellow for 'The Simpsons'•TINT•
74.2%
ExceptionalRARE
72.7%
Actress WinninghamMARE
71.1%
LeanTILT
60.8%
Springy buoyant musicLILT
59.7%

Today's Daily Dose

Word Ladder
Bruno Mars Song

Get the Picture
Japanese Cars

You're not logged in!

Compare scores with friends on all Sporcle quizzes.
OR
Log In

You Might Also Like...

Show Comments

Extras

Top Quizzes Today


Score Distribution

Your Account Isn't Verified!

In order to create a playlist on Sporcle, you need to verify the email address you used during registration. Go to your Sporcle Settings to finish the process.

Report this User

Report this user for behavior that violates our Community Guidelines.

Details: